Cut My Lip lyrics - twenty one pilots - Statistics

General Stats
  • This quiz has been taken 77 times
  • The average score is 249 of 292
Answer Stats
word % Correct
a
100%
I
100%
on
100%
cut
97%
lip
97%
my
97%
all
92%
is
92%
you
92%
anyway
89%
it
89%
the
89%
Drink
86%
I'll
86%
keep
86%
tryin',
86%
am
84%
as
84%
movin'
84%
well
84%
around
81%
don't
81%
face
81%
If
81%
Know
81%
of
81%
tongue
81%
what
81%
decide,
78%
I'm
78%
Lean
78%
might
78%
mind
78%
pride
78%
at
76%
Blood
76%
bruised,
76%
me
76%
rim
76%
Rust
76%
Though
76%
though
76%
want
76%
lion
73%
goin'
70%
its
70%
back
68%
contusions
68%
Isn't
68%
abuse
65%
Even
65%
yeah
46%
oh
43%
No matching quizzes found
Score Distribution
Percent of People with Each Score
Percentile by Number Answered
Your Score History
You have not taken this quiz